000 00679nam a2200289Ia 4500
005 20260324140504.0
008 008 260324s9999 xx 000 0 eng d
020 _a9781315224435
037 _aEBOOK
040 _aCRL
040 _beng
040 _cCRL
041 _2eng
041 _aeng
084 _qCRL
100 _aSandra Jacoby Klein
_91204584
245 0 _aHeavenly Hurts
245 0 _bSurviving AIDS-related Deaths and Losses
260 _bTaylor and Francis
260 _c1998
365 _a
365 _b140
856 _uhttp://www.taylorfrancis.com/books/9781315224435
942 _cEBOOK
999 _c1806726
_d1806726